Marxism and philosophy. (Record no. 629958)

MARC details
000 -LEADER
fixed length control field 00521nam a2200181Ia 4500
003 - CONTROL NUMBER IDENTIFIER
control field OSt
005 - DATE AND TIME OF LATEST TRANSACTION
control field 20260226102051.0
008 - FIXED-LENGTH DATA ELEMENTS--GENERAL INFORMATION
fixed length control field 220923b |||||||| |||| 00| 0 eng d
037 ## - SOURCE OF ACQUISITION
Terms of availability Referance Book
040 ## - CATALOGING SOURCE
Original cataloging agency RTL
Transcribing agency RTL
Language of cataloging eng
041 ## - LANGUAGE CODE
Source of code eng
Language code of text/sound track or separate title eng
100 ## - MAIN ENTRY--PERSONAL NAME
Personal name KORSCH karl
9 (RLIN) 1116696
245 #0 - TITLE STATEMENT
Title Marxism and philosophy.
260 ## - PUBLICATION, DISTRIBUTION, ETC.
Place of publication, distribution, etc. New York
Name of publisher, distributor, etc. Monthly Press Review
Date of publication, distribution, etc. 1970
300 ## - PHYSICAL DESCRIPTION
Extent 175 p.
Dimensions cm.
942 ## - ADDED ENTRY ELEMENTS (KOHA)
Classification part X:3M24xM18:g, L0/SC
Koha item type Reference
Source of classification or shelving scheme Colon Classification (CC)
Holdings
Withdrawn status Lost status Source of classification or shelving scheme Damaged status Not for loan Home library Current library Date acquired Total Checkouts Full call number Barcode Date last seen Price effective from Koha item type
    Colon Classification (CC)     Ratan Tata Library Ratan Tata Library 2022-09-26   X:3M24xM18:g L0/SC RT1148104 2022-09-26 2022-09-26 Reference
Copyright @ Delhi University Library System